Beginning programming with C++ for dummies

"Learn to think like a programmer and understand how C++ works, create programs and get bugs out of your code, [and] master basic development concepts and techniques in C++"--Cover.

Αποθηκεύτηκε σε:
Λεπτομέρειες βιβλιογραφικής εγγραφής
Κύριος συγγραφέας: Davis, Stephen R. 1956-
Μορφή: Βιβλίο
Γλώσσα:English
Έκδοση: Hoboken, N.J. Wiley 2010
Θέματα:
Ετικέτες: Προσθήκη ετικέτας
Δεν υπάρχουν, Καταχωρήστε ετικέτα πρώτοι!
Thư viện lưu trữ: Mạng thư viện Đại học Đà Nẵng
LEADER 01376nam a2200349 4500
001 000023938
003 20391
005 20160523150522.0
008 160523s2010 engsd
020 |a 0470617977 (pbk.)  |a 9780470617977 (pbk.) 
041 0 |a eng 
082 0 4 |a 005.133  |b DA-S 
100 1 |a Davis, Stephen R.  |d 1956- 
245 1 0 |a Beginning programming with C++ for dummies  |c by Stephen R. Davis 
246 3 0 |a Programming with C++ for dummies 
260 |a Hoboken, N.J.  |b Wiley  |c 2010 
300 |a xvi, 430 p.  |b ill.  |c 24 cm.  |e 1 CD-ROM (4 3/4 in.) 
500 |a Includes index. 
520 |a "Learn to think like a programmer and understand how C++ works, create programs and get bugs out of your code, [and] master basic development concepts and techniques in C++"--Cover. 
650 0 |a C++ (Computer program language) 
653 |a C++ (Computer language) 
653 |a C++ (Ngôn ngữ máy tính) 
OWN |a LSP 
AVA |a UDN50  |b LSP  |d 005.133 DA-S  |e available  |t Error 5001 Not defined in file expand_doc_bib_avail.  |f 1  |g 0  |h N  |i 0  |k 1 
999 |a From the UDN01 
AVA |a UDN50  |b LSP  |d 005.133 DA-S  |e available  |t Error 5001 Not defined in file expand_doc_bib_avail.  |f 1  |g 0  |h N  |i 0  |k 1 
TYP |a Monograph 
TYP |a Printed language 
980 |a Mạng thư viện Đại học Đà Nẵng